000 00416nam a22001337a 4500
008 150911b xxu||||| |||| 00| 0 eng d
020 _a1931841071
050 _aQA 76.76 .P48 2001
100 _aPetchel,Thomas.
_d2001
245 _aJava 2 game programming.
_cThomas Petchel
260 _aUnited states:
_bPremier press,
_c2001.
300 _axxxi,782p.ill;
942 _2lcc
_cBOOKS
_hQA 76.76 .P48 2001
_01
999 _c5470
_d5470